[Event "Elite POM"]
[Site "Montreal CAN"]
[Date "2012.10.06"]
[Round "3.8"]
[White "Le Duin, Thierry"]
[Black "Libersan, Thierry"]
[Result "1/2-1/2"]
[WhiteElo "2023"]
[BlackElo "2111"]
[PlyCount "129"]
[GameId "2160767909444774"]
[EventDate "2012.10.05"]
[EventType "swiss"]
[EventRounds "7"]
[EventCountry "CAN"]
[SourceTitle "EXT 2022"]
[Source "ChessBase"]
[SourceDate "2021.10.06"]
[SourceVersion "1"]
[SourceVersionDate "2021.10.06"]
[SourceQuality "1"]

1. d4 c5 2. Nf3 e6 3. c3 d5 4. Bg5 Nf6 5. e3 Nbd7 6. Nbd2 Be7 7. Bd3 O-O 8. Ne5 cxd4 9. exd4 Nxe5 10. dxe5 Nd7 11. Bxe7 Qxe7 12. f4 f6 13. Nf3 fxe5 14. fxe5 Nc5 15. O-O Nxd3 16. Qxd3 Bd7 17. Rad1 a6 18. Qe3 Rac8 19. Nd4 h6 20. Qg3 Rxf1+ 21. Rxf1 Rf8 22. Rxf8+ Qxf8 23. Qh4 Kh7 24. g3 g5 25. Qg4 Qf7 26. Kg2 Qg6 27. Qe2 Kg7 28. Qc2 Qf7 29. Qb3 Bc8 30. Qb6 Qe7 31. Nc2 h5 32. Nd4 Kg6 33. Nf3 g4 34. Nh4+ Kg7 35. Kg1 Qg5 36. Qc7+ Kh6 37. Qf7 Qc1+ 38. Qf1 Qxf1+ 39. Kxf1 Kg5 40. Ke2 Bd7 41. Ke3 b6 42. Kd4 Bb5 43. Ng2 Bd7 44. Ne3 Bb5 45. b3 Kg6 46. Ng2 Kf5 47. Ne3+ Kg6 48. c4 dxc4 49. bxc4 Bc6 50. a3 Kf7 51. Kc3 a5 52. Nc2 Ke7 53. Nd4 Kd7 54. Ne2 Ke7 55. Kd4 Bd7 56. Ke3 Be8 57. Kf4 Bg6 58. Ke3 Kd7 59. Nd4 Bh7 60. Nb5 Kc6 61. Kd4 Bb1 62. Nc3 Bc2 63. Ne2 Bg6 64. Nf4 Bf7 65. Ne2 1/2-1/2

[Event "Elite POM"]
[Site "Montreal CAN"]
[Date "2012.10.06"]
[Round "3.9"]
[White "Zhu, Hong Rui"]
[Black "Cardin, Guillaume"]
[Result "1/2-1/2"]
[WhiteElo "2074"]
[BlackElo "2021"]
[PlyCount "55"]
[GameId "2160767909444775"]
[EventDate "2012.10.05"]
[EventType "swiss"]
[EventRounds "7"]
[EventCountry "CAN"]
[SourceTitle "EXT 2022"]
[Source "ChessBase"]
[SourceDate "2021.10.06"]
[SourceVersion "1"]
[SourceVersionDate "2021.10.06"]
[SourceQuality "1"]

1. e4 c5 2. Nf3 g6 3. c3 Bg7 4. d4 cxd4 5. cxd4 d5 6. e5 Nc6 7. Nc3 Bg4 8. Be2 Bxf3 9. Bxf3 e6 10. Be3 Nge7 11. O-O O-O 12. Qd2 f6 13. exf6 Bxf6 14. Ne2 Nf5 15. Rfd1 Qb6 16. Bg4 Rac8 17. Rac1 Qb4 18. Bxf5 exf5 19. Nf4 Qxd2 20. Bxd2 Nxd4 21. Rxc8 Rxc8 22. Nxd5 Bd8 23. Kf1 Kf7 24. Be3 Nc6 25. Nc3 Ke6 26. Nb5 Be7 27. Re1 Kd7 28. Rd1+ 1/2-1/2

[Event "Elite POM"]
[Site "Montreal CAN"]
[Date "2012.10.06"]
[Round "3.10"]
[White "Nikulich, Oleksandr"]
[Black "Wu, Qiyou"]
[Result "1/2-1/2"]
[WhiteElo "1825"]
[BlackElo "2041"]
[PlyCount "78"]
[GameId "2160767909444776"]
[EventDate "2012.10.05"]
[EventType "swiss"]
[EventRounds "7"]
[EventCountry "CAN"]
[SourceTitle "EXT 2022"]
[Source "ChessBase"]
[SourceDate "2021.10.06"]
[SourceVersion "1"]
[SourceVersionDate "2021.10.06"]
[SourceQuality "1"]

1. Nf3 c5 2. c4 Nc6 3. Nc3 e5 4. g3 g6 5. Bg2 Bg7 6. O-O Nge7 7. d3 d6 8. Ne1 O-O 9. Nc2 Rb8 10. Ne3 Nd4 11. Ned5 Nxd5 12. Nxd5 Bg4 13. Nc3 a6 14. f3 Be6 15. Be3 Qd7 16. a4 Bh3 17. Bxd4 exd4 18. Bxh3 Qxh3 19. Nd5 Rfe8 20. a5 Re5 21. Rf2 Rbe8 22. f4 Rh5 23. Qf1 Qg4 24. Ra3 Rb8 25. Rb3 Qe6 26. Rg2 Rxd5 27. cxd5 Qxd5 28. Qd1 Bf6 29. Qc2 Bd8 30. Ra3 Qc6 31. Qa4 b5 32. axb6 Qxb6 33. b3 a5 34. Rf2 Kg7 35. Qc4 Qc6 36. Rf1 Rb4 37. Qc2 Bb6 38. Rfa1 d5 39. Ra4 Rb5 1/2-1/2

[Event "Elite POM"]
[Site "Montreal CAN"]
[Date "2012.10.06"]
[Round "3.11"]
[White "Lopez Linares, Lizandro"]
[Black "Sprumont, Oscar"]
[Result "1-0"]
[WhiteElo "2096"]
[BlackElo "1916"]
[PlyCount "107"]
[GameId "2160767909444777"]
[EventDate "2012.10.05"]
[EventType "swiss"]
[EventRounds "7"]
[EventCountry "CAN"]
[SourceTitle "EXT 2022"]
[Source "ChessBase"]
[SourceDate "2021.10.06"]
[SourceVersion "1"]
[SourceVersionDate "2021.10.06"]
[SourceQuality "1"]

1. d4 Nf6 2. Nf3 g6 3. Bf4 Bg7 4. e3 d5 5. h3 O-O 6. Nbd2 c5 7. c3 b6 8. Be2 Nc6 9. O-O Re8 10. Ne5 Nxe5 11. Bxe5 Bh6 12. Bxf6 exf6 13. dxc5 bxc5 14. Nb3 c4 15. Nd4 f5 16. Bf3 Bb7 17. Qa4 Qc7 18. Rfd1 a6 19. b3 Rab8 20. Rab1 Ba8 21. Qxa6 cxb3 22. axb3 Qxc3 23. Nxf5 Bg7 24. Nxg7 Kxg7 25. Rd3 Qc2 26. Qa1+ Kg8 27. Rc3 Qf5 28. Rbc1 Red8 29. Qa7 Rb7 30. Qd4 Rb5 31. e4 Qf4 32. g3 Qb8 33. exd5 Rxb3 34. Kg2 Rxc3 35. Rxc3 Qd6 36. Rd3 Bb7 37. h4 h5 38. Qe3 Kh7 39. Qg5 Rd7 40. Kh2 Qc5 41. Rd2 Qd6 42. Qe3 Re7 43. Qd3 Kg7 44. Qc3+ Kh7 45. Qd4 Kg8 46. Rb2 Rd7 47. Rb6 Qa3 48. Be4 Qa5 49. Qf6 Qa8 50. Qg5 Qf8 51. Rf6 Qe7 52. Bxg6 fxg6 53. Rxg6+ Kh8 54. Rg8+ 1-0

[Event "Elite POM"]
[Site "Montreal CAN"]
[Date "2012.10.06"]
[Round "3.12"]
[White "Rondon, Luciano"]
[Black "Pichette, Mickaelin"]
[Result "0-1"]
[WhiteElo "2014"]
[BlackElo "1894"]
[PlyCount "50"]
[GameId "2160767909444778"]
[EventDate "2012.10.05"]
[EventType "swiss"]
[EventRounds "7"]
[EventCountry "CAN"]
[SourceTitle "EXT 2022"]
[Source "ChessBase"]
[SourceDate "2021.10.06"]
[SourceVersion "1"]
[SourceVersionDate "2021.10.06"]
[SourceQuality "1"]

1. d4 Nf6 2. c4 e6 3. Nf3 d5 4. g3 c5 5. cxd5 exd5 6. Bg2 Nc6 7. Nc3 Bg4 8. Bg5 Bxf3 9. Bxf3 Nxd4 10. Bxf6 Qxf6 11. Bxd5 O-O-O 12. Qa4 a6 13. Be4 Bd6 14. O-O h5 15. Bd3 h4 16. Ne4 Qe5 17. Nxd6+ Rxd6 18. b4 hxg3 19. fxg3 Qe3+ 20. Kg2 Rdh6 21. h4 b5 22. Qa3 g5 23. Rf3 Qe5 24. Rxf7 Qd5+ 25. Rf3 g4 0-1

[Event "Elite POM"]
[Site "Montreal CAN"]
[Date "2012.10.06"]
[Round "3.13"]
[White "Roy, Myriam"]
[Black "Zhou, Qiyu"]
[Result "1/2-1/2"]
[WhiteElo "2042"]
[BlackElo "1921"]
[PlyCount "76"]
[GameId "2160767909444779"]
[EventDate "2012.10.05"]
[EventType "swiss"]
[EventRounds "7"]
[EventCountry "CAN"]
[SourceTitle "EXT 2022"]
[Source "ChessBase"]
[SourceDate "2021.10.06"]
[SourceVersion "1"]
[SourceVersionDate "2021.10.06"]
[SourceQuality "1"]

1. e4 e5 2. Nf3 Nc6 3. d4 exd4 4. Nxd4 Nf6 5. Nxc6 bxc6 6. Bd3 Bb4+ 7. Nc3 d5 8. exd5 cxd5 9. O-O O-O 10. Bg5 c6 11. Qf3 Be7 12. h3 h6 13. Bh4 Rb8 14. b3 Rb4 15. Bg3 Be6 16. Rad1 Bd6 17. Ne2 c5 18. Rfe1 Re8 19. Bf5 Qd7 20. Bxd6 Qxd6 21. Ng3 Rbb8 22. Qd3 Re7 23. Re2 Rbe8 24. Rde1 Qd7 25. Bxe6 Rxe6 26. Rxe6 Rxe6 27. Rd1 Qe7 28. Qd2 d4 29. c3 Ne4 30. Nxe4 Rxe4 31. cxd4 Rxd4 32. Qc2 Qe5 33. Rc1 Re4 34. g3 Re2 35. Qxc5 Qxc5 36. Rxc5 Rxa2 37. Rc7 a5 38. Rb7 a4 1/2-1/2

[Event "Elite POM"]
[Site "Montreal CAN"]
[Date "2012.10.06"]
[Round "3.14"]
[White "Gueorguiev, Valentin"]
[Black "Cote-Lalumiere, Tristan"]
[Result "1/2-1/2"]
[WhiteElo "1996"]
[BlackElo "1840"]
[PlyCount "66"]
[GameId "2160767909444780"]
[EventDate "2012.10.05"]
[EventType "swiss"]
[EventRounds "7"]
[EventCountry "CAN"]
[SourceTitle "EXT 2022"]
[Source "ChessBase"]
[SourceDate "2021.10.06"]
[SourceVersion "1"]
[SourceVersionDate "2021.10.06"]
[SourceQuality "1"]

1. Nf3 Nf6 2. g3 g6 3. c4 c5 4. Bg2 Bg7 5. O-O O-O 6. d4 cxd4 7. Qxd4 Nc6 8. Qf4 d6 9. Nc3 Be6 10. Ng5 Qd7 11. Nxe6 Qxe6 12. Bd5 Qh3 13. Bf3 e5 14. Qd2 Nd4 15. Bg2 Qh5 16. Qg5 Nxe2+ 17. Nxe2 Qxe2 18. Bxb7 Rab8 19. Ba6 Rb6 20. Bb5 a6 21. Qe3 Qxe3 22. Bxe3 Rbb8 23. Bxa6 Rxb2 24. a4 Ng4 25. Bc1 Rc2 26. h3 e4 27. Ra3 Nxf2 28. Rxf2 Rxc1+ 29. Kg2 Rb8 30. Bb5 Bd4 31. Re2 Rg1+ 32. Kh2 Rf1 33. Rxe4 Rf2+ 1/2-1/2

[Event "Elite POM"]
[Site "Montreal CAN"]
[Date "2012.10.07"]
[Round "4.1"]
[White "Hambleton, Aman"]
[Black "Kovalyov, Anton"]
[Result "1/2-1/2"]
[WhiteElo "2293"]
[BlackElo "2589"]
[PlyCount "114"]
[GameId "2160767909444781"]
[EventDate "2012.10.05"]
[EventType "swiss"]
[EventRounds "7"]
[EventCountry "CAN"]
[SourceTitle "EXT 2022"]
[Source "ChessBase"]
[SourceDate "2021.10.06"]
[SourceVersion "1"]
[SourceVersionDate "2021.10.06"]
[SourceQuality "1"]

1. d4 Nf6 2. c4 e6 3. Nc3 Bb4 4. Qc2 c5 5. dxc5 Bxc5 6. Nf3 Qc7 7. g3 a6 8. Bg2 Be7 9. b3 b6 10. O-O Bb7 11. Bf4 d6 12. Rfd1 Nh5 13. Bg5 Nf6 14. Bf4 O-O 15. Ng5 Bxg2 16. Kxg2 Qc6+ 17. f3 Nbd7 18. Nce4 d5 19. Nxf6+ Nxf6 20. Be5 g6 21. Qb2 Ng4 22. fxg4 Bxg5 23. cxd5 exd5 24. h4 Rfe8 25. hxg5 d4+ 26. Kh3 Rxe5 27. Rxd4 Rae8 28. Rd8 Rxe2 29. Qxe2 Rxd8 30. Re1 b5 31. Qe5 Qd6 32. a4 Qxe5 33. Rxe5 bxa4 34. bxa4 Kf8 35. Ra5 Rd6 36. Kg2 Ke7 37. Kf3 Re6 38. Rd5 Rb6 39. Ra5 Kd6 40. Ke4 Rb4+ 41. Kf3 Rb3+ 42. Kf4 Rb6 43. Ke4 Kc7 44. Rc5+ Kb7 45. a5 Rb4+ 46. Ke5 Rxg4 47. Kd6 Rd4+ 48. Rd5 Rg4 49. Rc5 Rd4+ 50. Rd5 Re4 51. Rc5 Re6+ 52. Kd7 Re3 53. Rc7+ Kb8 54. Rc8+ Kb7 55. Rc7+ Kb8 56. Rc8+ Kb7 57. Rc7+ Kb8 1/2-1/2

[Event "Elite POM"]
[Site "Montreal CAN"]
[Date "2012.10.07"]
[Round "4.2"]
[White "Sambuev, Bator"]
[Black "Kraiouchkine, Nikita"]
[Result "1-0"]
[WhiteElo "2594"]
[BlackElo "2322"]
[PlyCount "49"]
[GameId "2160767909444782"]
[EventDate "2012.10.05"]
[EventType "swiss"]
[EventRounds "7"]
[EventCountry "CAN"]
[SourceTitle "EXT 2022"]
[Source "ChessBase"]
[SourceDate "2021.10.06"]
[SourceVersion "1"]
[SourceVersionDate "2021.10.06"]
[SourceQuality "1"]

1. d4 Nf6 2. Nf3 e6 3. e3 b6 4. Bd3 Bb7 5. O-O d5 6. b3 Bd6 7. Bb2 Ne4 8. c4 O-O 9. Nc3 a6 10. Qc2 f5 11. Ne2 Qe7 12. Rac1 Nc6 13. a3 Bxa3 14. cxd5 exd5 15. Bxa3 Qxa3 16. Nf4 Rfd8 17. Ne5 Rd6 18. Ra1 Qb4 19. Ra4 Nxd4 20. exd4 Qd2 21. Bxe4 Qxf4 22. Qxc7 Rh6 23. g3 Qxe4 24. Qf7+ Kh8 25. Qxb7 1-0

[Event "Elite POM"]
[Site "Montreal CAN"]
[Date "2012.10.07"]
[Round "4.3"]
[White "Ibrahim, Anthony"]
[Black "Masse, Hugues"]
[Result "0-1"]
[WhiteElo "2166"]
[BlackElo "2255"]
[PlyCount "34"]
[GameId "2160767909444783"]
[EventDate "2012.10.05"]
[EventType "swiss"]
[EventRounds "7"]
[EventCountry "CAN"]
[SourceTitle "EXT 2022"]
[Source "ChessBase"]
[SourceDate "2021.10.06"]
[SourceVersion "1"]
[SourceVersionDate "2021.10.06"]
[SourceQuality "1"]

1. e4 e6 2. d4 d5 3. Nd2 Be7 4. Ngf3 Nf6 5. e5 Nfd7 6. c3 c5 7. Bd3 Nc6 8. O-O a5 9. Re1 cxd4 10. cxd4 Qb6 11. Qa4 g5 12. Nb3 g4 13. Nfd2 Qc7 14. Nc5 Bxc5 15. dxc5 Nxc5 16. Qb5 Nxd3 17. Qxd3 Nb4 0-1

[Event "Elite POM"]
[Site "Montreal CAN"]
[Date "2012.10.07"]
[Round "4.4"]
[White "Larochelle, Martial"]
[Black "Chiku-Ratte, Olivier-Kenta"]
[Result "1-0"]
[WhiteElo "2201"]
[BlackElo "2214"]
[PlyCount "105"]
[GameId "2160767909444784"]
[EventDate "2012.10.05"]
[EventType "swiss"]
[EventRounds "7"]
[EventCountry "CAN"]
[SourceTitle "EXT 2022"]
[Source "ChessBase"]
[SourceDate "2021.10.06"]
[SourceVersion "1"]
[SourceVersionDate "2021.10.06"]
[SourceQuality "1"]

1. c4 Nf6 2. d4 c5 3. d5 e6 4. Nc3 exd5 5. cxd5 d6 6. e4 g6 7. Nge2 Bg7 8. Ng3 O-O 9. Be2 Re8 10. O-O a6 11. a4 Nbd7 12. f3 Nh5 13. Nxh5 gxh5 14. Bf4 Ne5 15. Qd2 f5 16. Be3 fxe4 17. Nxe4 Bf5 18. Bg5 Qd7 19. Ng3 Nf7 20. Bf4 h4 21. Nxf5 Qxf5 22. Bd3 Qf6 23. Kh1 Rac8 24. Ra2 c4 25. Be4 b5 26. axb5 axb5 27. Rb1 Ra8 28. Rba1 Rxa2 29. Rxa2 b4 30. g3 hxg3 31. hxg3 b3 32. Ra4 Rc8 33. Qh2 h6 34. Qh3 Rc7 35. Qg4 Ng5 36. Ra8+ Bf8 37. Bd2 Qxb2 38. Bxg5 hxg5 39. Qe6+ Rf7 40. Bh7+ Kxh7 41. Qxf7+ Qg7 42. Rxf8 Qxf7 43. Rxf7+ Kg6 44. Rb7 Kf5 45. Rb4 b2 46. Rxb2 Ke5 47. Rd2 c3 48. Rd3 c2 49. Rc3 Kxd5 50. Rxc2 Kd4 51. Kg2 Ke3 52. Rc6 d5 53. Rg6 1-0

[Event "Elite POM"]
[Site "Montreal CAN"]
[Date "2012.10.07"]
[Round "4.5"]
[White "Guo, Forest"]
[Black "Le Duin, Thierry"]
[Result "0-1"]
[WhiteElo "1928"]
[BlackElo "2023"]
[PlyCount "58"]
[GameId "2160767909444785"]
[EventDate "2012.10.05"]
[EventType "swiss"]
[EventRounds "7"]
[EventCountry "CAN"]
[SourceTitle "EXT 2022"]
[Source "ChessBase"]
[SourceDate "2021.10.06"]
[SourceVersion "1"]
[SourceVersionDate "2021.10.06"]
[SourceQuality "1"]

1. e4 d5 2. exd5 Nf6 3. d4 Bg4 4. Be2 Bxe2 5. Nxe2 Qxd5 6. O-O Nc6 7. c4 Qxc4 8. Nbc3 O-O-O 9. b3 Qe6 10. Bb2 Qg4 11. f3 Qg5 12. Qd3 e5 13. f4 exf4 14. Qc4 Nd5 15. Nxd5 Qxd5 16. Qxd5 Rxd5 17. Rxf4 f6 18. Raf1 Be7 19. Re4 f5 20. Ref4 g6 21. Nc3 Rd7 22. d5 Bc5+ 23. Kh1 Ne5 24. Ne4 fxe4 25. Rxe4 Rxd5 26. Rxe5 Rxe5 27. Bxe5 Re8 28. Re1 Bb4 29. Re3 Bd2 0-1

[Event "Elite POM"]
[Site "Montreal CAN"]
[Date "2012.10.07"]
[Round "4.6"]
[White "Robichaud, Louis"]
[Black "Jiang, Louie"]
[Result "0-1"]
[WhiteElo "2141"]
[BlackElo "2357"]
[PlyCount "114"]
[GameId "2160767909444786"]
[EventDate "2012.10.05"]
[EventType "swiss"]
[EventRounds "7"]
[EventCountry "CAN"]
[SourceTitle "EXT 2022"]
[Source "ChessBase"]
[SourceDate "2021.10.06"]
[SourceVersion "1"]
[SourceVersionDate "2021.10.06"]
[SourceQuality "1"]

1. e4 c5 2. Nc3 Nc6 3. g3 g6 4. Bg2 Bg7 5. d3 d6 6. f4 e5 7. Nh3 Nge7 8. O-O O-O 9. f5 f6 10. g4 Nd4 11. Nf2 b5 12. Nd5 b4 13. c3 bxc3 14. bxc3 Ndc6 15. Nxe7+ Qxe7 16. Rb1 Bd7 17. Be3 Rfb8 18. Qc2 Qd8 19. Nh1 Rxb1 20. Rxb1 Rb8 21. Ng3 Be8 22. h4 Bf7 23. fxg6 hxg6 24. h5 Bf8 25. hxg6 Bxg6 26. Nf5 Rb6 27. Rf1 Rb7 28. Qf2 Rh7 29. Nh4 Bf7 30. Qg3 Bh6 31. Bxh6 Rxh6 32. g5 fxg5 33. Rf5 Rh5 34. Bf3 Rh7 35. Rxg5+ Qxg5 36. Qxg5+ Rg7 37. Qxg7+ Kxg7 38. Nf5+ Kf6 39. a3 Ke6 40. Bg4 Be8 41. Ne3+ Ke7 42. Kf2 Kd8 43. Kg3 Ne7 44. Nf5 Nxf5+ 45. Bxf5 Kc7 46. Kh4 Kb6 47. Kg5 c4 48. dxc4 Bf7 49. Kf6 Bxc4 50. Bg4 Kc5 51. Bf3 a5 52. Bg2 Bd3 53. Ke6 Bc2 54. Kd7 Bb3 55. Ke7 d5 56. exd5 Bxd5 57. Bf1 e4 0-1

[Event "Elite POM"]
[Site "Montreal CAN"]
[Date "2012.10.07"]
[Round "4.7"]
[White "Wu, Qiyou"]
[Black "Yu, Zong Yang"]
[Result "1-0"]
[WhiteElo "2041"]
[BlackElo "2139"]
[PlyCount "77"]
[GameId "2160767909444787"]
[EventDate "2012.10.05"]
[EventType "swiss"]
[EventRounds "7"]
[EventCountry "CAN"]
[SourceTitle "EXT 2022"]
[Source "ChessBase"]
[SourceDate "2021.10.06"]
[SourceVersion "1"]
[SourceVersionDate "2021.10.06"]
[SourceQuality "1"]

1. e4 c5 2. Nf3 d6 3. d4 cxd4 4. Nxd4 Nf6 5. Nc3 g6 6. Be3 Bg7 7. f3 O-O 8. Qd2 Nc6 9. Bc4 Bd7 10. O-O-O Rc8 11. Bb3 Ne5 12. Kb1 Re8 13. h4 h5 14. g4 hxg4 15. h5 Nxh5 16. Bh6 e6 17. Rdg1 g3 18. Bxg7 Kxg7 19. f4 Ng4 20. Nde2 Rh8 21. Qd4+ e5 22. Qxd6 Bc6 23. fxe5 Qxd6 24. exd6 Nf2 25. Rh4 g5 26. Rxh5 Rxh5 27. Nxg3 Rh2 28. a3 g4 29. e5 Re8 30. Nf5+ Kf8 31. Bd5 Bxd5 32. Nxd5 Rh1 33. Rxh1 Nxh1 34. Nf6 g3 35. Nd7+ Kg8 36. Nf6+ Kh8 37. Nxg3 Rxe5 38. Nge4 Rf5 39. c4 1-0

[Event "Elite POM"]
[Site "Montreal CAN"]
[Date "2012.10.07"]
[Round "4.8"]
[White "Libersan, Thierry"]
[Black "Nikulich, Oleksandr"]
[Result "1/2-1/2"]
[WhiteElo "2111"]
[BlackElo "1825"]
[PlyCount "151"]
[GameId "2160767909444788"]
[EventDate "2012.10.05"]
[EventType "swiss"]
[EventRounds "7"]
[EventCountry "CAN"]
[SourceTitle "EXT 2022"]
[Source "ChessBase"]
[SourceDate "2021.10.06"]
[SourceVersion "1"]
[SourceVersionDate "2021.10.06"]
[SourceQuality "1"]

1. e4 e5 2. Nf3 Nc6 3. Bc4 Nf6 4. d3 Bc5 5. c3 d6 6. Nbd2 Be6 7. Bxe6 fxe6 8. Qb3 Qc8 9. O-O h6 10. Nc4 O-O 11. a4 Rb8 12. Qd1 a5 13. d4 exd4 14. cxd4 Bb4 15. e5 Ne4 16. exd6 cxd6 17. Qd3 d5 18. Nce5 Qe8 19. Be3 Bd6 20. Rfc1 Rc8 21. Qb5 Nxe5 22. Nxe5 Qxb5 23. axb5 Bb4 24. Nd7 Rfd8 25. Nb6 Rb8 26. f3 Nd6 27. Bf4 Kf8 28. Be5 g6 29. Rc7 Nxb5 30. Nd7+ Ke8 31. Nf6+ Kf8 32. Nh7+ Ke8 33. Nf6+ Kf8 34. Nd7+ Ke8 35. Nxb8 Nxc7 36. Bxc7 Rc8 37. Be5 Ke7 38. f4 Bd6 39. Rxa5 Rxb8 40. Rb5 Bxe5 41. fxe5 b6 42. Rb3 Kd7 43. Rf3 Ke7 44. Rf6 Rf8 45. Rxg6 Rf4 46. Rg7+ Kf8 47. Rb7 Rxd4 48. Rxb6 Kf7 49. b4 Re4 50. b5 Rxe5 51. Rb8 Re2 52. b6 Rb2 53. b7 Kg7 54. Kf1 e5 55. Ke1 e4 56. h4 e3 57. g3 e2 58. g4 d4 59. Rd8 Rxb7 60. Kxe2 h5 61. g5 Re7+ 62. Kd3 Re3+ 63. Kc4 Rc3+ 64. Kb4 Rd3 65. Rd6 Rd1 66. Rh6 Rc1 67. Rd6 Rb1+ 68. Kc4 Rc1+ 69. Kb3 Rc3+ 70. Kb4 Rd3 71. Rh6 Rc3 72. Rxh5 Rc1 73. Rh6 d3 74. Rd6 Rh1 75. Rd4 d2 76. Rxd2 1/2-1/2

[Event "Elite POM"]
[Site "Montreal CAN"]
[Date "2012.10.07"]
[Round "4.9"]
[White "Cardin, Guillaume"]
[Black "Lopez Linares, Lizandro"]
[Result "1/2-1/2"]
[WhiteElo "2021"]
[BlackElo "2096"]
[PlyCount "96"]
[GameId "2160767909444789"]
[EventDate "2012.10.05"]
[EventType "swiss"]
[EventRounds "7"]
[EventCountry "CAN"]
[SourceTitle "EXT 2022"]
[Source "ChessBase"]
[SourceDate "2021.10.06"]
[SourceVersion "1"]
[SourceVersionDate "2021.10.06"]
[SourceQuality "1"]

1. e4 e6 2. d4 d5 3. Nc3 Nf6 4. Bg5 Be7 5. e5 Nfd7 6. Bxe7 Qxe7 7. f4 O-O 8. Nf3 c5 9. dxc5 Nc6 10. Qd2 Qxc5 11. O-O-O a6 12. Kb1 b5 13. Bd3 f6 14. exf6 Nxf6 15. Rhe1 Bd7 16. Ne2 g6 17. h4 b4 18. Ng3 Ng4 19. h5 Qf2 20. Ne2 Ne3 21. Rc1 Rf6 22. hxg6 hxg6 23. Ne5 Nxe5 24. fxe5 Rf4 25. Rf1 Nxf1 26. Qxf4 Qxf4 27. Nxf4 Nd2+ 28. Ka1 Rf8 29. Nxg6 Rf2 30. Bxa6 Rxg2 31. Nf4 Rg5 32. Nd3 Rg4 33. Nc5 Rg7 34. Nxd7 Rxd7 35. Bc8 Re7 36. c3 bxc3 37. Rxc3 Kf7 38. b4 Nc4 39. Rf3+ Ke8 40. Rf6 Rh7 41. a4 Rh1+ 42. Ka2 Rh2+ 43. Kb1 Rb2+ 44. Kc1 Rxb4 45. Bxe6 Rxa4 46. Bxd5 Ra1+ 47. Kc2 Ne3+ 48. Kb2 Nxd5 1/2-1/2

[Event "Elite POM"]
[Site "Montreal CAN"]
[Date "2012.10.07"]
[Round "4.10"]
[White "Pichette, Mickaelin"]
[Black "Wan, Kevin"]
[Result "0-1"]
[WhiteElo "1894"]
[BlackElo "1828"]
[PlyCount "76"]
[GameId "2160767909444790"]
[EventDate "2012.10.05"]
[EventType "swiss"]
[EventRounds "7"]
[EventCountry "CAN"]
[SourceTitle "EXT 2022"]
[Source "ChessBase"]
[SourceDate "2021.10.06"]
[SourceVersion "1"]
[SourceVersionDate "2021.10.06"]
[SourceQuality "1"]

1. d4 d5 2. c4 e6 3. Nc3 Nf6 4. Bg5 Be7 5. e3 c6 6. Nf3 Nbd7 7. c5 b6 8. b4 O-O 9. Bd3 Re8 10. Ne5 Nxe5 11. dxe5 Nd7 12. Bxe7 Qxe7 13. f4 bxc5 14. bxc5 Qxc5 15. Qd2 f6 16. Bxh7+ Kxh7 17. Qd3+ Kg8 18. Rc1 fxe5 19. O-O exf4 20. Rxf4 Ne5 21. Qd4 Qxd4 22. Rxd4 c5 23. Ra4 Bd7 24. Ra5 Nd3 25. Rb1 Bc6 26. Ra6 Rec8 27. a3 c4 28. Ra5 Rcb8 29. Rf1 Rb3 30. Ne2 Ne5 31. e4 Re3 32. Nd4 Rxe4 33. Rd1 Bd7 34. a4 Nd3 35. Nb5 Bxb5 36. axb5 Rb8 37. h3 Re1+ 38. Rxe1 Nxe1 0-1

[Event "Elite POM"]
[Site "Montreal CAN"]
[Date "2012.10.07"]
[Round "4.11"]
[White "Sprumont, Oscar"]
[Black "Zhu, Hong Rui"]
[Result "1/2-1/2"]
[WhiteElo "1916"]
[BlackElo "2074"]
[PlyCount "48"]
[GameId "2160767909444791"]
[EventDate "2012.10.05"]
[EventType "swiss"]
[EventRounds "7"]
[EventCountry "CAN"]
[SourceTitle "EXT 2022"]
[Source "ChessBase"]
[SourceDate "2021.10.06"]
[SourceVersion "1"]
[SourceVersionDate "2021.10.06"]
[SourceQuality "1"]

1. e4 c5 2. c3 g6 3. Nf3 Bg7 4. d4 cxd4 5. cxd4 d5 6. e5 Nc6 7. Nc3 Bg4 8. Be2 Bxf3 9. Bxf3 e6 10. Be3 Nge7 11. O-O O-O 12. Rc1 Qd7 13. Qd2 f6 14. exf6 Bxf6 15. Bg4 Nf5 16. Bxf5 exf5 17. f3 Rac8 18. Rfe1 Kf7 19. Bf2 Bg7 20. Na4 b6 21. Nc3 Rfe8 22. Kf1 Qd6 23. Rxe8 Rxe8 24. Nb5 Qd7 1/2-1/2

[Event "Elite POM"]
[Site "Montreal CAN"]
[Date "2012.10.07"]
[Round "4.12"]
[White "Rondon, Luciano"]
[Black "Poulin, Mathieu"]
[Result "1/2-1/2"]
[WhiteElo "2014"]
[BlackElo "2039"]
[PlyCount "62"]
[GameId "2160767909444792"]
[EventDate "2012.10.05"]
[EventType "swiss"]
[EventRounds "7"]
[EventCountry "CAN"]
[SourceTitle "EXT 2022"]
[Source "ChessBase"]
[SourceDate "2021.10.06"]
[SourceVersion "1"]
[SourceVersionDate "2021.10.06"]
[SourceQuality "1"]

1. d4 d5 2. c4 e6 3. Nf3 Nf6 4. Bg5 Be7 5. Nc3 h6 6. Bh4 O-O 7. e3 b6 8. Be2 dxc4 9. Bxc4 Bb7 10. O-O Nbd7 11. Qe2 Ne4 12. Nxe4 Bxh4 13. Ng3 Bxg3 14. hxg3 c5 15. Rfd1 Qe7 16. Bb5 Rfd8 17. Bxd7 Rxd7 18. dxc5 Rxd1+ 19. Rxd1 Qxc5 20. Qd2 Rc8 21. Qd7 Qc7 22. Ne5 Bd5 23. Qxc7 Rxc7 24. a3 f6 25. Nf3 Rc2 26. Rd2 Rxd2 27. Nxd2 Kf7 28. f3 Ke7 29. g4 Kd6 30. Kf2 Kc5 31. e4 Bc6 1/2-1/2

[Event "Elite POM"]
[Site "Montreal CAN"]
[Date "2012.10.07"]
[Round "4.13"]
[White "Cote-Lalumiere, Tristan"]
[Black "Roy, Myriam"]
[Result "0-1"]
[WhiteElo "1840"]
[BlackElo "2042"]
[PlyCount "108"]
[GameId "2160767909444793"]
[EventDate "2012.10.05"]
[EventType "swiss"]
[EventRounds "7"]
[EventCountry "CAN"]
[SourceTitle "EXT 2022"]
[Source "ChessBase"]
[SourceDate "2021.10.06"]
[SourceVersion "1"]
[SourceVersionDate "2021.10.06"]
[SourceQuality "1"]

1. e4 c6 2. c4 d5 3. exd5 cxd5 4. cxd5 Nf6 5. Bb5+ Nbd7 6. Nc3 g6 7. d4 Bg7 8. Be3 O-O 9. h4 Nb6 10. h5 Nbxd5 11. hxg6 hxg6 12. Bd3 Nxe3 13. fxe3 Qd6 14. Qf3 Bg4 15. Qf2 Bh5 16. Be2 Bxe2 17. Ngxe2 Rac8 18. Qh4 Rfd8 19. Kf2 e5 20. Rad1 exd4 21. Rxd4 Qe6 22. Rf4 Re8 23. Rh3 Rc5 24. Nd4 Qe7 25. Rff3 g5 26. Qg3 g4 27. Nf5 Rxf5 28. Rxf5 gxh3 29. Rg5 Qf8 30. gxh3 Nh7 31. Rg4 Re6 32. Nd5 Rg6 33. Rxg6 fxg6+ 34. Ke2 g5 35. Qc7 Qf7 36. Ne7+ Kf8 37. Qd8+ Qe8 38. Ng6+ Kf7 39. Qd3 Qe6 40. Nh8+ Kg8 41. Ng6 Bxb2 42. Qd8+ Kf7 43. Qc7+ Kxg6 44. Qc2+ Kh6 45. Qxb2 Qxh3 46. Qxb7 Qh2+ 47. Ke1 Qxa2 48. Qc6+ Kg7 49. Qd7+ Qf7 50. Qd4+ Nf6 51. Qe5 Kg6 52. Qd4 Qe7 53. Qd3+ Qe4 54. Qb3 a5 0-1